000
00219 a2200097 4500
001
47215
100
_a
Kent, S
245
_a
Strategic Intelligence
260
_a
London
_b
Princeton, New Jersey
_c
090
_c
30267
_d
30267
942
_a
NUST-CAE
_c
M
_c
22522
999
_c
282288
_d
282288